Subvencions : aspectes teòrics / organització i coordinació: Intervenció General, Servei d'Assistència a la Gestió Econòmica Local ; documentació realitzada per: Isabel García Soriano aspectes teòrics / organització i coordinació:
Publicado:
Barcelona :
Diputació de Barcelona. Àrea d'Hisenda i Recursos Interns. Intervenció General. Servei d'Assistència a la Gestió Econòmica Local, [2009]
Descripción Física:
193 p. : quadres ; 29 cm
Materias:
Subvencions -- Manuals, guies, etc.
MARC
| LEADER | 00000nam a2200000Ia 4500 | ||
|---|---|---|---|
| 001 | 22697 | ||
| 008 | 160829s9999 xx 000 0 cat d | ||
| 080 | |a M-6-355 | ||
| 100 | |a García Soriano, Isabel |9 50429 | ||
| 245 | |a Subvencions : |b aspectes teòrics / organització i coordinació: |b Intervenció General, Servei d'Assistència a la Gestió Econòmica Local ; documentació realitzada per: |b Isabel García Soriano | ||
| 260 | |a Barcelona : |b Diputació de Barcelona. Àrea d'Hisenda i Recursos Interns. Intervenció General. Servei d'Assistència a la Gestió Econòmica Local, [2009] | ||
| 300 | |a 193 p. : |b quadres ; |c 29 cm | ||
| 650 | |a Subvencions |x Manuals, guies, etc. |9 40982 | ||
| 710 | 1 | |a Barcelona (Catalunya : Província). |b Servei d’Assistència a la Gestió Econòmica Local |9 53081 | |
| 901 | |a Arxiu | ||
| 942 | |n 1 | ||
| 952 | |0 0 |1 0 |4 0 |6 M6355 |7 1 |9 49977 |a Arxiu |b Arxiu |d 2016-12-01 |l 0 |o M-6-355 |p 22697 |r 2016-12-01 00:00:00 |w 2016-12-01 |y ARXIU | ||
| 999 | |c 53819 |d 53819 | ||